Social Psychology / Principles and Themes of Interpersonal Behavior (Record no. 3631)
[ view plain ]
| 000 -LEADER | |
|---|---|
| fixed length control field | 01308cam a22002054a 4500 |
| 005 - ΗΜΕΡΟΜΗΝΙΑ ΚΑΙ ΩΡΑ ΤΕΛΕΥΤΑΙΑΣ ΕΝΗΜΕΡΩΣΗΣ | |
| Πεδίο ελέγχου | 20250605164121.0 |
| 008 - FIXED-LENGTH DATA ELEMENTS--GENERAL INFORMATION | |
| Πεδίο ελέγχου σταθερού μήκους | 250528s ||||||||||||||||||||||||d |
| 035 ## - SYSTEM CONTROL NUMBER | |
| System control number | 18261 |
| 020 ## - ISBN | |
| ISBN | 256024030 |
| 040 ## - ΠΗΓΗ ΚΑΤΑΛΟΓΟΓΡΑΦΗΣΗΣ | |
| Φορέας πρωτότυπης καταλογογράφησης | MC Athens Campus Library |
| Γλώσσα καταλογογράφησης | Ελληνικά, Μοντέρνα (1453-) |
| Modifying agency | MC Athens Campus Library |
| Κανόνες περιγραφικής καταλογογράφησης | AACR2 |
| 245 1# - ΤΙΤΛΟΣ ΚΑΙ ΔΗΛΩΣΗ ΥΠΕΥΘΥΝΟΤΗΤΑΣ | |
| Τίτλος | Social Psychology / Principles and Themes of Interpersonal Behavior |
| 260 ## - PUBLICATION, DISTRIBUTION, ETC. | |
| Name of publisher, distributor, etc. | Dorsey Press, |
| Date of publication, distribution, etc. | 1982 |
| 300 ## - PHYSICAL DESCRIPTION | |
| Extent | 562 |
| 520 ## - SUMMARY, ETC. | |
| Summary, etc. | Core Concepts and Integrative Themes, The Core Concepts of Social Context and Personal Structure, The Interpersonal Themes of Control and Sentiment, The Cognitive Themes of Resolution and Consistency and Valuation, Beliefs and Their Consequences, Opinion Formation and Change, Beliefs and Overt Actions I: Effects of Behavior on Opinions, Beliefs and Overt Actions II: Effects of Opinions on Behavior, Forming Impressions about People, The Impact of Impressions on Social Behavior, Social Behavior, Social Behavior as an Exchange, Interpersonal Behavior in Brief Encounters: The Examples of Helping and Hurting, Social Behavior in Small Groups, Interpersonal Attraction: Linking and Loving, Interpersonal Repulsion: Prejudice and Hate, Epilogue, References, Name and Subject Index. |
| 700 1# - ΠΡΟΣΘΕΤΗ ΑΝΑΓΡΑΦΗ--ΦΥΣΙΚΟ ΠΡΟΣΩΠΟ | |
| Personal name | Crano William D |
| 9 (RLIN) | 4539 |
| 700 1# - ΠΡΟΣΘΕΤΗ ΑΝΑΓΡΑΦΗ--ΦΥΣΙΚΟ ΠΡΟΣΩΠΟ | |
| Personal name | Messe Lawrence A |
| 9 (RLIN) | 4540 |
| 942 ## - ADDED ENTRY ELEMENTS (KOHA) | |
| Koha item type | Books |
| Τύπος τεκμηρίου | Βιβλιοθήκη | Τρέχουσα τοποθεσία | Barcode | Αριθμός εισαγωγής | Ημερομηνία απόκτησης | Ταξιθετικό σύμβολο | Αριθμός αντιτύπου | Κατάσταση απόσυρσης | Κατάσταση χαμένου | Κατάσταση κατεστραμμένου | Μη δανεισμός | Σύνολο δανεισμών | Ημερομηνία τελευταίας εμφάνισης | Η τιμή ισχύει από |
|---|---|---|---|---|---|---|---|---|---|---|---|---|---|---|
| Books | MC Athens Campus Library | MC Athens Campus Library | 9780000036308 | 2825 | 05/06/2025 | 302 CRA | 1 | 05/06/2025 | 05/06/2025 |